000 01018nam a2200253 i 4500
001 123844
003 ES-MaACL
005 20250328190833.0
007 t|
008 070214s1949 mx |||| | spa d
100 1 _aQuiroz-Martínez, Olga Victoria.
_994800
245 1 3 _aLa introducción de la filosofía moderna en España
_b: el eclecticismo español de los siglos XVII y XVIII /
_cOlga Victoria Quiroz-Martínez.
250 _a1ª ed.
260 _aMéxico :
_bEl Colegio,
_c1949.
300 _a361 p. ;
_c22 cm.
510 _aCCPB,
_c001318314-1.
650 4 _aFilosofía-
_zEspaña-
_yS.XVII.
_9168102
650 4 _aFilosofía-
_zEspaña-
_yS.XVIII.
_912845
852 _aES-MaACL
_jD-6287
_9128433
_bR.30136
_bR.M.5882
_cSVI
_fSello en tinta azul de la Biblioteca del Ateneo de Madrid.
_z"17.OCT.1950"
942 _2udc
_cMONOGRAFIA
999 _c123844
_d123844